Освой самостоятельно Linux за 24 часа: пер. с англ.

Bibliographische Detailangaben
1. Verfasser: Болл Б. Билл
Sprache:Russisch
Veröffentlicht: Москва, Вильямс, 1999
Ausgabe:2-е изд.
Schlagworte:
Format: MixedMaterials Buch
KOHA link:https://koha.lib.tpu.ru/cgi-bin/koha/opac-detail.pl?biblionumber=14307

MARC

LEADER 00000nam0a2200000 4500
001 14307
005 20231030185619.0
010 |a 5845900360 
035 |a (RuTPU)RU\TPU\book\14399 
035 |a BOOK00014467 
090 |a 14307 
100 |a 20011209d1999 m y0rusy50 ca 
101 1 |a rus  |c eng 
102 |a RU 
105 |a a j 000zy 
200 1 |a Освой самостоятельно Linux за 24 часа  |e пер. с англ.  |f Б. Болл 
205 |a 2-е изд. 
210 |a Москва  |c Вильямс  |d 1999 
215 |a 480 с.  |c ил. 
610 1 |a операционные системы 
610 1 |a LINUX 
610 1 |a OpenLinux 
610 1 |a Caldera 
610 1 |a установка 
610 1 |a использование 
610 1 |a администрирование 
610 1 |a учебные пособия 
675 |a 681.3.066(07)  |v 3 
700 1 |a Болл  |b Б.  |g Билл 
801 0 |a RU  |b 63413507  |c 20011209  |g PSBO 
801 2 |a RU  |b 63413507  |c 20051025  |g PSBO 
942 |c BK